[Event "Olimpiada Dresden 2008 Femenina"]
[Site "Dresden GER"]
[Date "2008.11.16"]
[Round "4.27"]
[White "De Leon, Patricia"]
[Black "Rysbayeva, Aigerim"]
[Result "0-1"]
[WhiteElo "1748"]
[BlackElo "2180"]
[PlyCount "103"]
[EventDate "2008.11.13"]
[EventType "team-tourn"]
[EventRounds "11"]
[EventCountry "GER"]
[Source "lmi"]
[SourceDate "2008.11.13"]
[WhiteTeam "Uruguay"]
[BlackTeam "Kazajstán"]
[WhiteTeamCountry "URU"]
[BlackTeamCountry "KAZ"]

1. e4 c5 2. Nc3 d6 3. f4 Nc6 4. Nf3 g6 5. Bb5 Bd7 6. O-O Bg7 7. d3 a6 8. Bxc6
Bxc6 9. Qe1 Nf6 10. Qh4 Qd7 11. h3 h6 12. Qf2 b5 13. a3 a5 14. Bd2 b4 15. axb4
axb4 16. Rxa8+ Bxa8 17. Nd1 Qc7 18. Ne3 e6 19. c3 bxc3 20. Bxc3 O-O 21. Ra1 d5
22. Be5 Qd8 23. exd5 exd5 24. Ra6 c4 25. Qh4 Nh5 26. Qxd8 Rxd8 27. dxc4 dxc4
28. Nxc4 Bxe5 29. fxe5 Bxf3 30. gxf3 Nf4 31. h4 Rd4 32. Ra8+ Kh7 33. Nd6 f6 34.
Ra7+ Kg8 35. Ra8+ Kh7 36. Ra7+ Kg8 37. Ne4 fxe5 38. Nf6+ Kf8 39. Nd7+ Ke7 40.
Nxe5+ Ke6 41. Ng4 h5 42. Ra6+ Ke7 43. Ne5 Rd2 44. Nxg6+ Nxg6 45. Rxg6 Rxb2 46.
Rg5 Kf6 47. Rxh5 Kg6 48. Rg5+ Kh6 49. Rg2 Rb4 50. Rh2 Kh5 51. Kf2 Rb2+ 52. Kg3
0-1

[Event "Olimpiada Dresden 2008 Femenina"]
[Site "Dresden GER"]
[Date "2008.11.16"]
[Round "4.27"]
[White "Saduakassova, Dinara"]
[Black "Donatti, Sofia"]
[Result "1-0"]
[WhiteElo "1863"]
[BlackElo "1678"]
[PlyCount "69"]
[EventDate "2008.11.13"]
[EventType "team-tourn"]
[EventRounds "11"]
[EventCountry "GER"]
[Source "lmi"]
[SourceDate "2008.11.13"]
[WhiteTeam "Kazajstán"]
[BlackTeam "Uruguay"]
[WhiteTeamCountry "KAZ"]
[BlackTeamCountry "URU"]

1. e4 e5 2. Nf3 Nc6 3. Bb5 Nf6 4. O-O Nxe4 5. d4 Nd6 6. Bxc6 dxc6 7. dxe5 Nf5
8. Qxd8+ Kxd8 9. Nc3 h6 10. h3 Bd7 11. b3 Kc8 12. Bb2 Be7 13. Rad1 b6 14. Rd3
Nh4 15. Nxh4 Bxh4 16. Rfd1 Bf5 17. Rf3 Bg6 18. Ne2 Bxc2 19. Rd4 Bd8 20. Rxf7 g5
21. Rd2 Bb1 22. e6 Re8 23. Bf6 Bxf6 24. Rxf6 h5 25. h4 gxh4 26. Nc3 Bh7 27. f4
Kb7 28. f5 Re7 29. Rf2 Rg8 30. Ne4 Rgg7 31. Kh2 c5 32. Rh6 a5 33. f6 Rxe6 34.
fxg7 Rxh6 35. Rf6 1-0

[Event "Olimpiada Dresden 2008 Femenina"]
[Site "Dresden GER"]
[Date "2008.11.16"]
[Round "4.28"]
[White "Perena, Catherine"]
[Black "Sharevich, Anna"]
[Result "0-1"]
[WhiteElo "2210"]
[BlackElo "2322"]
[PlyCount "94"]
[EventDate "2008.11.13"]
[EventType "team-tourn"]
[EventRounds "11"]
[EventCountry "GER"]
[Source "lmi"]
[SourceDate "2008.11.13"]
[WhiteTeam "Filipinas"]
[BlackTeam "Bielorusia"]
[WhiteTeamCountry "PHI"]
[BlackTeamCountry "BLR"]

1. d4 d5 2. c4 e6 3. Nf3 Nf6 4. g3 dxc4 5. Qa4+ c6 6. Qxc4 b5 7. Qc2 Bb7 8. Bg2
Nbd7 9. Nc3 Rc8 10. Bg5 Qb6 11. O-O c5 12. dxc5 Bxc5 13. a3 Ne4 14. e3 Nxc3 15.
Qxc3 f6 16. Rad1 Be7 17. Qd2 Rd8 18. Bh4 g5 19. Bxg5 fxg5 20. Qc3 O-O 21. Nd2
Bxg2 22. Kxg2 Bf6 23. Qb4 a5 24. Qg4 Ne5 25. Qh5 Qb7+ 26. e4 Nc4 27. Nf3 Qf7
28. Qh3 h5 29. g4 h4 30. b3 Ne5 31. Nd4 Ng6 32. Ne2 Rxd1 33. Rxd1 Be5 34. Qe3
Nf4+ 35. Kf1 Nxe2 36. Kxe2 Qf4 37. Qxf4 Bxf4 38. h3 Rc8 39. a4 bxa4 40. bxa4
Rc4 41. Ra1 Rxe4+ 42. Kd3 Rb4 43. Ra2 e5 44. f3 Kf7 45. Ra1 Ke6 46. Ra2 Rb3+
47. Ke2 Kd5 0-1

[Event "Olimpiada Dresden 2008 Femenina"]
[Site "Dresden GER"]
[Date "2008.11.16"]
[Round "4.28"]
[White "Popova, Natalija"]
[Black "Cua, Shercila"]
[Result "1-0"]
[WhiteElo "2264"]
[BlackElo "2154"]
[PlyCount "121"]
[EventDate "2008.11.13"]
[EventType "team-tourn"]
[EventRounds "11"]
[EventCountry "GER"]
[Source "lmi"]
[SourceDate "2008.11.13"]
[WhiteTeam "Bielorusia"]
[BlackTeam "Filipinas"]
[WhiteTeamCountry "BLR"]
[BlackTeamCountry "PHI"]

1. e4 e6 2. d4 d5 3. e5 b6 4. c3 Qd7 5. Nf3 a5 6. Be2 Ba6 7. O-O Ne7 8. b3 Bxe2
9. Qxe2 Na6 10. Rd1 c5 11. c4 Nc7 12. Nc3 Rd8 13. Ba3 Qc6 14. Rac1 dxc4 15. Ne4
Nf5 16. Rxc4 Be7 17. g4 Nh6 18. dxc5 Rxd1+ 19. Qxd1 b5 20. Rd4 O-O 21. h3 b4
22. Bc1 Nb5 23. Rc4 f5 24. exf6 Bxf6 25. Nxf6+ Rxf6 26. Ne5 Qc7 27. f4 Nf7 28.
Qd7 Nxe5 29. Qxc7 Nxc7 30. fxe5 Rf3 31. Bg5 Kf7 32. Bd8 Nd5 33. c6 a4 34. c7
Nxc7 35. Bxc7 axb3 36. axb3 Rxb3 37. Bd6 Rxh3 38. Rxb4 h5 39. Rb7+ Kg6 40.
gxh5+ Rxh5 41. Kf2 Rg5 42. Ke3 Rg3+ 43. Kf4 Rg1 44. Re7 Rf1+ 45. Ke4 Re1+ 46.
Kf3 Kf5 47. Rxg7 Rf1+ 48. Kg2 Rb1 49. Rf7+ Ke4 50. Rf6 Kd5 51. Kg3 Rg1+ 52. Kh4
Rg2 53. Kh5 Rg1 54. Kh6 Rg2 55. Rg6 Rf2 56. Kg7 Ra2 57. Kf7 Ra7+ 58. Kf6 Ra1
59. Rg2 Rf1+ 60. Ke7 Rd1 61. Rf2 1-0

[Event "Olimpiada Dresden 2008 Femenina"]
[Site "Dresden GER"]
[Date "2008.11.16"]
[Round "4.28"]
[White "Camacho, Chardine Cheradee"]
[Black "Berlin, Tatiana"]
[Result "1/2-1/2"]
[WhiteElo "2100"]
[BlackElo "2218"]
[PlyCount "156"]
[EventDate "2008.11.13"]
[EventType "team-tourn"]
[EventRounds "11"]
[EventCountry "GER"]
[Source "lmi"]
[SourceDate "2008.11.13"]
[WhiteTeam "Filipinas"]
[BlackTeam "Bielorusia"]
[WhiteTeamCountry "PHI"]
[BlackTeamCountry "BLR"]

1. e4 e5 2. Nf3 Nc6 3. d4 exd4 4. Bc4 Nf6 5. e5 d5 6. Bb5 Ne4 7. Nxd4 Bd7 8.
Bxc6 bxc6 9. O-O c5 10. Nb3 Bb5 11. Re1 c6 12. f3 Ng5 13. f4 Ne4 14. N1d2 Nxd2
15. Bxd2 Qd7 16. Qf3 O-O-O 17. Qf2 d4 18. Ba5 Re8 19. Rad1 Qd5 20. Kh1 Kb8 21.
Nc1 Ba6 22. Qd2 Be7 23. Ne2 Ka8 24. Ng3 h5 25. Nf5 g6 26. Nxe7 Rxe7 27. b3 h4
28. h3 Bc8 29. c3 c4 30. cxd4 cxb3 31. Rc1 b2 32. Rc5 Qxa2 33. Rc2 Rb7 34. Bc3
Bf5 35. Rxb2 Rxb2 36. Qxb2 Qxb2 37. Bxb2 Rd8 38. Kg1 Kb7 39. Re3 Be6 40. Kf2
Kb6 41. Ra3 a5 42. Bc3 Ra8 43. Be1 Kb5 44. Kg1 a4 45. Bxh4 Kc4 46. Be1 Kxd4 47.
Kf2 Bb3 48. Bd2 c5 49. Be3+ Kd5 50. g4 c4 51. h4 Ke4 52. Bc1 Rd8 53. Ra1 Rd3
54. Kg2 c3 55. Kh2 Kf3 56. f5 Kxg4 57. fxg6 fxg6 58. e6 Rh3+ 59. Kg2 Rxh4 60.
e7 Rh8 61. Ba3 Bd5+ 62. Kf2 Kf5 63. Rc1 g5 64. Rxc3 g4 65. Rd3 Bc6 66. Rd8 Rh2+
67. Ke1 Rh3 68. Bc5 Rc3 69. Bd4 Rc4 70. Kf2 a3 71. Ke3 a2 72. e8=Q Bxe8 73.
Rxe8 Rxd4 74. Ra8 Re4+ 75. Kf2 Kf4 76. Rxa2 Rb4 77. Kg2 g3 78. Rc2 Ke5 1/2-1/2

[Event "Olimpiada Dresden 2008 Femenina"]
[Site "Dresden GER"]
[Date "2008.11.16"]
[Round "4.28"]
[White "Klimets, Elena"]
[Black "Bernales, Christy Lamiel"]
[Result "1-0"]
[WhiteElo "2129"]
[BlackElo "1998"]
[PlyCount "76"]
[EventDate "2008.11.13"]
[EventType "team-tourn"]
[EventRounds "11"]
[EventCountry "GER"]
[Source "lmi"]
[SourceDate "2008.11.13"]
[WhiteTeam "Bielorusia"]
[BlackTeam "Filipinas"]
[WhiteTeamCountry "BLR"]
[BlackTeamCountry "PHI"]

1. d4 Nf6 2. c4 g6 3. Nc3 Bg7 4. g3 O-O 5. Bg2 d6 6. Nf3 Nc6 7. O-O a6 8. b3
Rb8 9. Bb2 b5 10. cxb5 axb5 11. d5 Na5 12. Nd4 b4 13. Na4 e5 14. dxe6 fxe6 15.
Nc6 Nxc6 16. Bxc6 e5 17. Qc2 Be6 18. Rad1 Qc8 19. Bc1 Qa6 20. Bg2 Rfc8 21. Bg5
Nd7 22. Be3 c5 23. Qd2 Bf8 24. Bd5 Bxd5 25. Qxd5+ Kg7 26. f4 Qxe2 27. Rde1 Nf6
28. Qh1 Qh5 29. fxe5 dxe5 30. Rxf6 Kxf6 31. Qd5 Kg7 32. Rf1 Kh8 33. Nxc5 Qe2
34. Rxf8+ Rxf8 35. Qxe5+ Kg8 36. Qd5+ Rf7 37. Bf4 Re8 38. Nd7 Qe6 1-0

[Event "Olimpiada Dresden 2008 Femenina"]
[Site "Dresden GER"]
[Date "2008.11.16"]
[Round "4.29"]
[White "Caoili, Arianne"]
[Black "Zepeda, Lorena"]
[Result "1-0"]
[WhiteElo "2170"]
[BlackElo "2159"]
[PlyCount "96"]
[EventDate "2008.11.13"]
[EventType "team-tourn"]
[EventRounds "11"]
[EventCountry "GER"]
[Source "lmi"]
[SourceDate "2008.11.13"]
[WhiteTeam "Australia"]
[BlackTeam "El Salvador"]
[WhiteTeamCountry "AUS"]
[BlackTeamCountry "ESA"]

1. e4 e5 2. Nf3 Nc6 3. Bc4 Bc5 4. c3 Nf6 5. d3 a6 6. O-O Ba7 7. Bb3 d6 8. Re1
O-O 9. h3 h6 10. Nbd2 Re8 11. Nf1 Be6 12. Bc2 d5 13. exd5 Bxd5 14. Ng3 Bc5 15.
b4 Bf8 16. a4 b5 17. Bd2 Rb8 18. Qe2 Qd7 19. Nh2 Be6 20. Qf3 Bd5 21. Qd1 Be6
22. f4 Bd6 23. f5 Bxf5 24. Nxf5 Qxf5 25. Ng4 Nxg4 26. hxg4 Qd7 27. Re4 Nd8 28.
g5 hxg5 29. Bxg5 Be7 30. Bxe7 Qxe7 31. axb5 axb5 32. d4 Qg5 33. Qf3 Rb6 34. Rg4
Qh6 35. Re1 Qd2 36. Re2 Qc1+ 37. Kh2 Rh6+ 38. Kg3 Qg1 39. Qf5 Ne6 40. Rxe5 Kf8
41. Qf3 g5 42. Qe3 Qh2+ 43. Kf2 Ra8 44. Qg3 Ra2 45. Re2 Rf6+ 46. Ke3 Qg1+ 47.
Ke4 Qf1 48. Ke3 Nf4 1-0

[Event "Olimpiada Dresden 2008 Femenina"]
[Site "Dresden GER"]
[Date "2008.11.16"]
[Round "4.29"]
[White "Zepeda, Sonia"]
[Black "Moylan, Laura"]
[Result "1-0"]
[WhiteElo "2118"]
[BlackElo "2114"]
[PlyCount "93"]
[EventDate "2008.11.13"]
[EventType "team-tourn"]
[EventRounds "11"]
[EventCountry "GER"]
[Source "lmi"]
[SourceDate "2008.11.13"]
[WhiteTeam "El Salvador"]
[BlackTeam "Australia"]
[WhiteTeamCountry "ESA"]
[BlackTeamCountry "AUS"]

1. e4 c5 2. Nf3 d6 3. d4 cxd4 4. Nxd4 Nf6 5. Nc3 g6 6. Be3 Bg7 7. f3 Nc6 8. Qd2
O-O 9. Bc4 Bd7 10. O-O-O Rc8 11. Bb3 Ne5 12. Kb1 Re8 13. g4 Qa5 14. h4 Rxc3 15.
Qxc3 Qxc3 16. bxc3 Rc8 17. Kb2 a5 18. a3 b5 19. h5 Ne8 20. hxg6 hxg6 21. Bh6
Bh8 22. Rdg1 b4 23. f4 Nc4+ 24. Ka2 bxa3 25. Nf5 Bf6 26. g5 Bxf5 27. exf5 Bxc3
28. fxg6 fxg6 29. Rg3 Bg7 30. Re3 Bxh6 31. Rxh6 Kf7 32. Rd3 Rc5 33. Rd4 d5 34.
Rxd5 Rxd5 35. Bxc4 Nc7 36. Kxa3 Ke6 37. Bxd5+ Nxd5 38. Rxg6+ Kf5 39. Ra6 Nxf4
40. Rxa5+ e5 41. c4 Ng6 42. c5 Ne7 43. Ra7 Nc6 44. g6 Nxa7 45. g7 Nb5+ 46. Kb4
Nd4 47. g8=Q 1-0

[Event "Olimpiada Dresden 2008 Femenina"]
[Site "Dresden GER"]
[Date "2008.11.16"]
[Round "4.29"]
[White "Sanchez, Ingrid"]
[Black "Oliver, Shannon"]
[Result "1/2-1/2"]
[WhiteElo "1964"]
[BlackElo "1942"]
[PlyCount "102"]
[EventDate "2008.11.13"]
[EventType "team-tourn"]
[EventRounds "11"]
[EventCountry "GER"]
[Source "lmi"]
[SourceDate "2008.11.13"]
[WhiteTeam "El Salvador"]
[BlackTeam "Australia"]
[WhiteTeamCountry "ESA"]
[BlackTeamCountry "AUS"]

1. e4 c5 2. Nf3 d6 3. d4 cxd4 4. Nxd4 Nf6 5. Nc3 g6 6. Be3 Bg7 7. f3 O-O 8. Qd2
Nc6 9. Bc4 Bd7 10. O-O-O Na5 11. Be2 Rb8 12. h4 b5 13. h5 Nc4 14. Bxc4 bxc4 15.
hxg6 fxg6 16. Bh6 Qb6 17. b3 Bxh6 18. Qxh6 Rf7 19. Nde2 Qb4 20. Qe3 a5 21. Rd4
Qa3+ 22. Kd2 cxb3 23. axb3 Rc8 24. Ke1 Qa1+ 25. Rd1 Qa3 26. g4 Rc5 27. Rd4 e5
28. Rd3 Bxg4 29. fxg4 Nxg4 30. Qg3 Nf2 31. Qxf2 Rxf2 32. Kxf2 Rc7 33. Rhd1 Qc5+
34. Kg2 Rf7 35. Rf3 Rxf3 36. Kxf3 Kg7 37. Rd5 Qc7 38. Rd3 h5 39. Kg2 h4 40. Ng1
Kh6 41. Nh3 g5 42. Nf2 Kh5 43. Rf3 Qc5 44. Nd5 Qxc2 45. Nf6+ Kg6 46. N6g4 Kg7
47. Rd3 Qc5 48. Kh3 Qb4 49. Kg2 Qc5 50. Kh3 Qb4 51. Kg2 Qc5 1/2-1/2

[Event "Olimpiada Dresden 2008 Femenina"]
[Site "Dresden GER"]
[Date "2008.11.16"]
[Round "4.30"]
[White "Munguntuul, Batkhuyag"]
[Black "Pourkashiyan, Atousa"]
[Result "1/2-1/2"]
[WhiteElo "2410"]
[BlackElo "2241"]
[PlyCount "78"]
[EventDate "2008.11.13"]
[EventType "team-tourn"]
[EventRounds "11"]
[EventCountry "GER"]
[Source "lmi"]
[SourceDate "2008.11.13"]
[WhiteTeam "Mongolia"]
[BlackTeam "Irán"]
[WhiteTeamCountry "MGL"]
[BlackTeamCountry "IRI"]

1. c4 e6 2. e4 d5 3. cxd5 exd5 4. e5 d4 5. d3 Nc6 6. Nf3 Qd5 7. Bf4 Nge7 8.
Nbd2 Ng6 9. Bg3 Bb4 10. Be2 Ngxe5 11. Nxe5 Bxd2+ 12. Qxd2 Nxe5 13. O-O O-O 14.
Rac1 c5 15. Bd1 Kh8 16. Bb3 Qd6 17. Qe2 f6 18. Qe4 Bd7 19. Qxb7 Bc6 20. Qa6
Rfb8 21. Qa5 Rxb3 22. axb3 Qd5 23. f3 Nxd3 24. Rc4 Qe6 25. Qd2 Qe3+ 26. Qxe3
dxe3 27. Rd1 Nxb2 28. Rxc5 Nxd1 29. Rxc6 Re8 30. Kf1 e2+ 31. Ke1 h6 32. Rc2 Ne3
33. Rxe2 Nc2+ 34. Kd2 Rxe2+ 35. Kxe2 Nd4+ 36. Kd3 Nxb3 37. Kc4 Na5+ 38. Kb5 Nb3
39. Bf2 g5 1/2-1/2

[Event "Olimpiada Dresden 2008 Femenina"]
[Site "Dresden GER"]
[Date "2008.11.16"]
[Round "4.30"]
[White "Paridar, Shadi"]
[Black "Yanjindulam, Dulamsuren"]
[Result "0-1"]
[WhiteElo "2248"]
[BlackElo "2286"]
[PlyCount "142"]
[EventDate "2008.11.13"]
[EventType "team-tourn"]
[EventRounds "11"]
[EventCountry "GER"]
[Source "lmi"]
[SourceDate "2008.11.13"]
[WhiteTeam "Irán"]
[BlackTeam "Mongolia"]
[WhiteTeamCountry "IRI"]
[BlackTeamCountry "MGL"]

1. d4 Nf6 2. c4 e6 3. Nc3 Bb4 4. Qc2 c5 5. dxc5 Qc7 6. Nf3 a6 7. g3 Bxc5 8. Bg2
Be7 9. b3 d6 10. Bb2 b6 11. O-O Bb7 12. Rac1 Nbd7 13. Qb1 O-O 14. h3 Rac8 15.
Rfd1 Rfd8 16. Rd4 Qb8 17. Rcd1 h6 18. g4 Qa8 19. Ne1 Nc5 20. f4 Bxg2 21. Nxg2
Ne8 22. b4 Nd7 23. e4 Qb7 24. Qd3 Nb8 25. b5 axb5 26. cxb5 Nd7 27. Ne3 Nc5 28.
Qe2 Bf6 29. e5 Be7 30. Nc2 Nd7 31. exd6 Bf6 32. Ne4 Bxd4+ 33. Nxd4 Nc5 34. Nc6
Nxe4 35. Ne7+ Kh7 36. Nxc8 Rxc8 37. d7 Rd8 38. dxe8=Q Rxe8 39. Qd3 Ra8 40. a3
Kg8 41. Qf3 Rc8 42. f5 exf5 43. gxf5 Qe7 44. f6 Qc5+ 45. Bd4 Qg5+ 46. Qg2 Rd8
47. Qxg5 hxg5 48. Kf1 Nxf6 49. Ke2 Nd5 50. Kd3 Ra8 51. Kc4 Rd8 52. Re1 f6 53.
Re6 Kf7 54. Rc6 f5 55. Be5 f4 56. a4 f3 57. Bd4 Rd7 58. Bf2 Nf4 59. Bxb6 Nxh3
60. Kb4 g4 61. a5 Rd1 62. Rc3 Nf4 63. Rc7+ Kg6 64. Rc6+ Kh7 65. Rc4 Nd5+ 66.
Ka4 g3 67. Rc2 Nxb6+ 68. axb6 g2 69. b7 g1=Q 70. b8=Q Qd4+ 71. Kb3 Rb1+ 0-1

[Event "Olimpiada Dresden 2008 Femenina"]
[Site "Dresden GER"]
[Date "2008.11.16"]
[Round "4.30"]
[White "Enxtuul, Altanolzii"]
[Black "Hejazipour, Mitra"]
[Result "1-0"]
[WhiteElo "1977"]
[BlackElo "2139"]
[PlyCount "107"]
[EventDate "2008.11.13"]
[EventType "team-tourn"]
[EventRounds "11"]
[EventCountry "GER"]
[Source "lmi"]
[SourceDate "2008.11.13"]
[WhiteTeam "Mongolia"]
[BlackTeam "Irán"]
[WhiteTeamCountry "MGL"]
[BlackTeamCountry "IRI"]

1. Nf3 Nf6 2. c4 e6 3. d4 b6 4. g3 Ba6 5. Qa4 Bb7 6. Bg2 c5 7. O-O cxd4 8. Nxd4
Bxg2 9. Kxg2 Be7 10. Bf4 O-O 11. Rd1 Qc8 12. Nb5 Qc6+ 13. f3 Rc8 14. N1c3 Ne8
15. Rab1 d6 16. b3 Nd7 17. Qa3 a6 18. Nd4 Qb7 19. Bd2 Bf6 20. Be1 Nc5 21. e4
Nc7 22. Nde2 Qc6 23. Bf2 b5 24. Qc1 b4 25. Bxc5 dxc5 26. Na4 e5 27. Qe3 Be7 28.
Kg1 Rd8 29. Rbc1 Rd6 30. Rxd6 Qxd6 31. Nb2 Ne6 32. Rd1 Nd4 33. f4 exf4 34. gxf4
Qg6+ 35. Kh1 Bf6 36. e5 Nf5 37. Qf3 Re8 38. exf6 Nh4 39. Qc6 Kf8 40. fxg7+ Qxg7
41. Qxc5+ Kg8 42. Rg1 Ng6 43. f5 Qxb2 44. fxg6 hxg6 45. Nf4 Qf6 46. Qg5 Qd4 47.
h3 Re3 48. Kh2 Qd6 49. Rg3 Re5 50. Qg4 Re4 51. Qc8+ Kh7 52. Ng2 f5 53. c5 Qe5
54. Qxa6 1-0

[Event "Olimpiada Dresden 2008 Femenina"]
[Site "Dresden GER"]
[Date "2008.11.16"]
[Round "4.30"]
[White "Salman Mahini, Mona"]
[Black "Munhchuluun, Cegmed"]
[Result "1/2-1/2"]
[WhiteElo "2113"]
[BlackElo "1969"]
[PlyCount "130"]
[EventDate "2008.11.13"]
[EventType "team-tourn"]
[EventRounds "11"]
[EventCountry "GER"]
[Source "lmi"]
[SourceDate "2008.11.13"]
[WhiteTeam "Irán"]
[BlackTeam "Mongolia"]
[WhiteTeamCountry "IRI"]
[BlackTeamCountry "MGL"]

1. e4 e6 2. d4 d5 3. Nc3 Nf6 4. e5 Nfd7 5. f4 c5 6. Nf3 Nc6 7. Be3 a6 8. Qd2 b5
9. dxc5 Bxc5 10. Bxc5 Nxc5 11. Nd4 Bb7 12. a3 Qb6 13. Nxc6 Bxc6 14. Qd4 Na4 15.
Qxb6 Nxb6 16. O-O-O Ke7 17. Ne2 Rhc8 18. Nd4 Bd7 19. Bd3 Nc4 20. h4 h5 21. Rh3
Na5 22. f5 Nc6 23. fxe6 Bxe6 24. Nxe6 Kxe6 25. Rf3 Rc7 26. Bf5+ Kxe5 27. c3 Rd8
28. Bc2 g6 29. Re1+ Kd6 30. Rf6+ Kc5 31. b4+ Kb6 32. Rd1 Ka7 33. Bb3 Ne5 34.
Kb2 Nc4+ 35. Bxc4 bxc4 36. a4 Rdd7 37. a5 Rc8 38. Rdf1 Rcc7 39. Rd1 Rc8 40.
Rdf1 Rcc7 41. R1f4 Re7 42. Rd6 Rcd7 43. Rb6 Re2+ 44. Ka3 Rde7 45. Rff6 R2e6 46.
Ka4 Rxb6 47. axb6+ Kb7 48. b5 Re6 49. Rxf7+ Kxb6 50. bxa6 Kxa6 51. Rd7 Re3 52.
Kb4 Rg3 53. Rxd5 Rxg2 54. Kxc4 Kb6 55. Rd6+ Kc7 56. Kc5 Rg4 57. Rd4 g5 58. hxg5
Rxg5+ 59. Rd5 Rxd5+ 60. Kxd5 h4 61. Ke4 Kc6 62. Kf4 Kc5 63. Kg4 h3 64. Kxh3 Kc4
65. Kg3 Kxc3 1/2-1/2

[Event "Olimpiada Dresden 2008 Femenina"]
[Site "Dresden GER"]
[Date "2008.11.16"]
[Round "4.31"]
[White "Berzina, Ilze"]
[Black "Feliciano, Vanessa"]
[Result "1-0"]
[WhiteElo "2320"]
[BlackElo "2126"]
[PlyCount "65"]
[EventDate "2008.11.13"]
[EventType "team-tourn"]
[EventRounds "11"]
[EventCountry "GER"]
[Source "lmi"]
[SourceDate "2008.11.13"]
[WhiteTeam "Letonia"]
[BlackTeam "Brasil"]
[WhiteTeamCountry "LAT"]
[BlackTeamCountry "BRA"]

1. e4 c5 2. Nf3 Nc6 3. Bb5 g6 4. O-O Bg7 5. Re1 e5 6. Bxc6 dxc6 7. d3 Qe7 8.
Be3 Bg4 9. Nbd2 Rd8 10. a3 Nf6 11. b4 Nd7 12. Nb3 cxb4 13. axb4 Qxb4 14. Bd2
Qd6 15. Rxa7 b6 16. Bg5 Bf6 17. Bxf6 Nxf6 18. Nbd2 b5 19. Qa1 Nd7 20. d4 Bxf3
21. Nxf3 exd4 22. e5 Qd5 23. Nxd4 c5 24. Nxb5 O-O 25. Nc7 Qd4 26. e6 fxe6 27.
Qxd4 cxd4 28. Nxe6 Nf6 29. Nxf8 Rxf8 30. h3 Nd5 31. Ra4 Nc3 32. Rxd4 Rc8 33.
Rd7 1-0

[Event "Olimpiada Dresden 2008 Femenina"]
[Site "Dresden GER"]
[Date "2008.11.16"]
[Round "4.31"]
[White "Gazola, Vanessa Ramos"]
[Black "Skinke, Katrina"]
[Result "0-1"]
[WhiteElo "1973"]
[BlackElo "2186"]
[PlyCount "125"]
[EventDate "2008.11.13"]
[EventType "team-tourn"]
[EventRounds "11"]
[EventCountry "GER"]
[Source "lmi"]
[SourceDate "2008.11.13"]
[WhiteTeam "Brasil"]
[BlackTeam "Letonia"]
[WhiteTeamCountry "BRA"]
[BlackTeamCountry "LAT"]

1. d4 Nf6 2. c4 g6 3. Nc3 Bg7 4. e4 d6 5. Be2 O-O 6. Bg5 c5 7. d5 a6 8. a4 e6
9. Nf3 h6 10. Be3 Re8 11. h3 exd5 12. exd5 Bf5 13. O-O Ne4 14. Nxe4 Bxe4 15.
Bd3 Nd7 16. Bxe4 Rxe4 17. Qc2 Re8 18. Rae1 f5 19. Bf4 Qf6 20. Qb3 b6 21. Bd2
Qf7 22. Bf4 Qf6 23. Bd2 g5 24. Bc3 Qf7 25. Qc2 Bxc3 26. Qxc3 Qf6 27. Qxf6 Nxf6
28. Nd2 Kf7 29. f3 Rab8 30. Rxe8 Rxe8 31. Kf2 Re7 32. Re1 Nd7 33. Rxe7+ Kxe7
34. b3 Kf6 35. g3 Ke5 36. Ke3 f4+ 37. Kf2 fxg3+ 38. Kxg3 Nf6 39. f4+ gxf4+ 40.
Kf3 Kf5 41. Ke2 Ne4 42. Nf3 Ng5 43. Ng1 Ke4 44. h4 Nf7 45. Kf2 Ne5 46. Ne2 Nd3+
47. Kf1 Kf3 48. h5 Ke3 49. Nc3 Nc1 50. Nd1+ Kf3 51. b4 Nb3 52. bxc5 bxc5 53.
Ke1 Nd4 54. Kd2 Kg2 55. Kd3 f3 56. Ke3 a5 57. Nf2 Nc2+ 58. Kf4 Kxf2 59. Kf5 Kg3
60. Ke6 f2 61. Kxd6 f1=Q 62. Kxc5 Na3 63. Kd4 0-1

[Event "Olimpiada Dresden 2008 Femenina"]
[Site "Dresden GER"]
[Date "2008.11.16"]
[Round "4.31"]
[White "Ni, Viktorija"]
[Black "Coelho, Tatiane Cristina"]
[Result "1/2-1/2"]
[WhiteElo "2168"]
[BlackElo "1820"]
[PlyCount "154"]
[EventDate "2008.11.13"]
[EventType "team-tourn"]
[EventRounds "11"]
[EventCountry "GER"]
[Source "lmi"]
[SourceDate "2008.11.13"]
[WhiteTeam "Letonia"]
[BlackTeam "Brasil"]
[WhiteTeamCountry "LAT"]
[BlackTeamCountry "BRA"]

1. d4 Nf6 2. c4 e5 3. dxe5 Ng4 4. Bf4 Bb4+ 5. Nd2 Nc6 6. Ngf3 Qe7 7. e3 Ngxe5
8. Nxe5 Nxe5 9. a3 Bxd2+ 10. Qxd2 O-O 11. Be2 d6 12. O-O Bf5 13. Qc3 Nd7 14. b4
Rac8 15. Qd4 b6 16. a4 Qf6 17. a5 Rfe8 18. Rfe1 Qg6 19. axb6 axb6 20. Ra7 Nb8
21. Bf3 Be4 22. Bxe4 Qxe4 23. Qxe4 Rxe4 24. Rc1 Nc6 25. Ra4 h6 26. f3 Ree8 27.
e4 Ra8 28. Rca1 Rxa4 29. Rxa4 g5 30. Bd2 Ne5 31. b5 Kh7 32. Bc3 Ng6 33. Ra7 Nf4
34. Kf2 Ne6 35. e5 dxe5 36. Bxe5 Rc8 37. Ke3 f5 38. c5 Kg6 39. cxb6 cxb6 40.
Re7 Nc5 41. g4 Rg8 42. Rc7 f4+ 43. Kd2 Rd8+ 44. Kc2 Nd7 45. Bc3 Kf7 46. Rc6 Re8
47. Rd6 Re7 48. Rxh6 Re2+ 49. Kd3 Re3+ 50. Kc4 Rxf3 51. Rh7+ Ke6 52. Rh6+ Kf7
53. Bd4 Rf1 54. Kd5 Rd1 55. Rh7+ Ke8 56. Ke4 Rb1 57. h4 Rxb5 58. h5 Rb4 59.
Rh8+ Nf8 60. Kd3 Kf7 61. Be5 Rb3+ 62. Ke4 Re3+ 63. Kd4 Rxe5 64. Kxe5 f3 65. Rh6
Nd7+ 66. Kd6 f2 67. Rh7+ Kf6 68. Rh6+ Kg7 69. Rg6+ Kf7 70. Rxg5 f1=Q 71. Rf5+
Qxf5 72. gxf5 b5 73. Kxd7 b4 74. h6 b3 75. h7 Kg7 76. f6+ Kxh7 77. f7 b2
1/2-1/2

[Event "Olimpiada Dresden 2008 Femenina"]
[Site "Dresden GER"]
[Date "2008.11.16"]
[Round "4.32"]
[White "Golubenko, Valentina"]
[Black "Lyons, Kieran"]
[Result "1-0"]
[WhiteElo "2273"]
[BlackElo "1840"]
[PlyCount "85"]
[EventDate "2008.11.13"]
[EventType "team-tourn"]
[EventRounds "11"]
[EventCountry "GER"]
[Source "lmi"]
[SourceDate "2008.11.13"]
[WhiteTeam "Croacia"]
[BlackTeam "Fiji"]
[WhiteTeamCountry "CRO"]
[BlackTeamCountry "FIJ"]

1. c4 Nf6 2. Nc3 c5 3. g3 Nc6 4. Bg2 d6 5. Nf3 e5 6. O-O g6 7. a3 Bg7 8. b4 O-O
9. Rb1 Rb8 10. d3 b6 11. Bg5 h6 12. Bxf6 Bxf6 13. Nd2 Bb7 14. Nde4 Bg7 15. bxc5
dxc5 16. Qa4 Na5 17. Nd5 Bc6 18. Qc2 f5 19. Nxc5 Qd6 20. Na6 Rbe8 21. c5 bxc5
22. Qxc5 Qxc5 23. Nxc5 e4 24. Nc7 Rc8 25. N7e6 Rfe8 26. Nxg7 Kxg7 27. dxe4 Nc4
28. Rfc1 Nxa3 29. Ra1 Nb5 30. exf5 Nd4 31. Bxc6 Rxc6 32. Rxa7+ Kg8 33. Rc4
Nxe2+ 34. Kf1 gxf5 35. Ra2 Rec8 36. Rxe2 Rxc5 37. Re8+ Rxe8 38. Rxc5 f4 39. g4
Kg7 40. Rc4 Rf8 41. Kg2 Kg6 42. Kf3 Kg5 43. Rc5+ 1-0

[Event "Olimpiada Dresden 2008 Femenina"]
[Site "Dresden GER"]
[Date "2008.11.16"]
[Round "4.32"]
[White "Gloria, Sukhu"]
[Black "Jelica, Mara"]
[Result "0-1"]
[WhiteElo "1562"]
[BlackElo "2205"]
[PlyCount "108"]
[EventDate "2008.11.13"]
[EventType "team-tourn"]
[EventRounds "11"]
[EventCountry "GER"]
[Source "lmi"]
[SourceDate "2008.11.13"]
[WhiteTeam "Fiji"]
[BlackTeam "Croacia"]
[WhiteTeamCountry "FIJ"]
[BlackTeamCountry "CRO"]

1. e4 e6 2. d4 d5 3. Nc3 Bb4 4. e5 c5 5. a3 Bxc3+ 6. bxc3 Qc7 7. Qg4 f5 8. Qg3
cxd4 9. cxd4 Ne7 10. Bd2 O-O 11. Bd3 b6 12. Ne2 Ba6 13. Nf4 Qd7 14. h4 Bxd3 15.
Qxd3 Nbc6 16. Rh3 Rac8 17. h5 Rf7 18. Ke2 Nd8 19. h6 g6 20. a4 Rc4 21. a5 b5
22. Rg3 Kh8 23. c3 Ndc6 24. Qb1 b4 25. cxb4 Nxd4+ 26. Kf1 Nb5 27. Kg1 d4 28.
Qf1 Qc6 29. Rc1 Rxc1 30. Qxc1 Qxc1+ 31. Bxc1 Nc6 32. Nxe6 Re7 33. Nc5 Rxe5 34.
Bg5 Re1+ 35. Kh2 Kg8 36. Rb3 Ne5 37. Rb2 d3 38. Bf4 Ng4+ 39. Kg3 Nd4 40. Nxd3
Ne2+ 41. Kf3 Nd4+ 42. Kg3 Ne2+ 43. Kf3 Nd4+ 44. Kg3 Ne2+ 45. Rxe2 Rxe2 46. b5
Ra2 47. b6 axb6 48. axb6 Ra3 49. b7 Rxd3+ 50. f3 Rb3 51. b8=Q+ Rxb8 52. Bxb8
Nxh6 53. Kf4 Nf7 54. Ba7 Kf8 0-1